Who is who ? (Metal bands) - Statistics

General Stats
  • This quiz has been taken 2 times
  • The average score is 3 of 12
Answer Stats
Picture Answer % Correct
Death
100%
Children of bodom
50%
Killswitch engage
50%
Mudvayne
50%
Slayer
50%
Gutalax
0%
Him
0%
In flames
0%
Katatonia
0%
Landmvrks
0%
Lorna shore
0%
Type o negative
0%
No matching quizzes found
Score Distribution
Percent of People with Each Score
Percentile by Number Answered
Your Score History
You have not taken this quiz